Differential games and control theory : proceedings of a National Science Foundation-Conference Board of the Mathematical Sciences Regional Research Conference, held at University of Rhode Island, Kingston, Rhode Island, June 4-8, 1973 : the invited lectures and contributed papers /

Guardado en:
Autores Corporativos: Regional Research Conference on Differential Games and Control Theory (1st : University of Rhode Island), National Science Foundation (U.S.), Conference Board of the Mathematical Sciences.
Otros Autores: Roxin, Emilio O., Liu, Pan-Tai., Sternberg, Robert L.
Formato: Libro
Idioma:English
Publicado: New York : M. Dekker, c1974.
Series:Lecture notes in pure and applied mathematics ; v. 10
Materias:
Etiquetas: Agregar Etiqueta
Sin Etiquetas, Sea el primero en etiquetar este registro!
LEADER 01354cam a2200289 a 4500
001 MAT.inmabb005921
008 750311s1974####nyu######b####100#0#eng##
005 20170619124701.0
245 1 0 |a Differential games and control theory :  |b proceedings of a National Science Foundation-Conference Board of the Mathematical Sciences Regional Research Conference, held at University of Rhode Island, Kingston, Rhode Island, June 4-8, 1973 : the invited lectures and contributed papers /  |c edited by Emilio O. Roxin, Pan-Tai Liu and Robert L. Sternberg. 
260 |a New York :  |b M. Dekker,  |c c1974. 
300 |a x, 412 p. ;  |c 26 cm. 
490 0 |a Lecture notes in pure and applied mathematics ; v. 10 
504 |a Incluye referencias bibliográficas. 
510 4 |a MR,  |c 50 #9361 
020 |a 0824762576 
111 2 |a Regional Research Conference on Differential Games and Control Theory  |b (1st :  |d 1973 :  |c University of Rhode Island) 
700 1 |a Roxin, Emilio O. 
700 1 |a Liu, Pan-Tai. 
700 1 |a Sternberg, Robert L. 
710 2 |a National Science Foundation (U.S.) 
710 2 |a Conference Board of the Mathematical Sciences. 
650 0 |a Differential games  |x Congresses. 
650 0 |a Control theory  |x Congresses. 
084 |a 90DXX (49-06 93-06)  |2 MR 
010 |a  74021593  
040 |a DLC  |c DLC  |d DLC 
859 |h 90  |i R336-1  |p A-4685  |b BIB. MATEMATICA